000 00346 a2200157 4500
001 176923
020 _a85-16-00761-8
040 _cMagnum
100 _aTelles, Carlos Queiroz
240 1 0 _aSete faces do herói
_lpor
245 1 0 _aSete faces do herói
362 0 _a1995
440 1 _aModerna
697 _aLITERATURA JUVENIL
942 _cBK
999 _c176923
_d176923